Boss de The Legend of Zelda: A Link to the Past par images - Statistiques

Statistiques générales
  • Ce quiz a été pris 3 fois
  • Le résultat moyen est 5 sur 12
Statistiques - réponses
Par images Réponse % Correct
Ganon
100%
Agahnim
67%
Grand Armos
67%
Lanmola
33%
L'Aveugle
33%
Meduso
33%
Mite
33%
Moldorm
33%
Roi Cuirasse
33%
Tricephale
33%
Vitreux
33%
Oeil de Glace
0%
Aucun quiz correspondant
Distribution des résultats
% des personnes avec chaque résultat
Percentile par nombre de réponses
Votre historique - résultats
Vous n’avez pas pris ce quiz